000 00879nam a2200265Ia 4500
003 OSt
005 20220930090858.0
006 a|||||r|||| 00| 0
007 ta
008 220926b |||||||| |||| 00| 0 eng d
024 _a3076
037 _cTheses
040 _aCRL
_cCRL
_beng
041 _2eng
_aeng
100 _aArora Ritu
_9543947
110 _aUniversity of Delhi. Faculty of Mathematical Sciences. Department of Operational Research
245 0 _aOptimal component selection for designing fault tolerant modular software system under recovery block scheme
260 _c2011
300 _a148p.
_ap.
_ccm.
650 _aOPERATIONS RESEARCH
700 _a Jha P C Gu.
_9543948
700 _aUniversity of Delhi. Faculty of Mathematical Sciences. Department of Operational Research
942 _cDIS
_2CC
999 _c881294
_d881294